[Event "ch-IND"]
[Site "Visakhapatnam IND"]
[Date "2004.12.16"]
[Round "17"]
[White "Sandipan,C"]
[Black "Venkatesh,M"]
[Result "1/2-1/2"]
[WhiteElo "2543"]
[BlackElo "2450"]

1.d4 Nf6 2.c4 e6 3.Nc3 Bb4 4.f3 d5 5.a3 Bxc3+ 6.bxc3 O-O 7.e3 b6 8.cxd5 exd5
9.Bd3 Ba6 10.Ne2 Qc8 11.O-O c5 12.e4 Bxd3 13.Qxd3 Qa6 14.Qxa6 Nxa6 15.Bg5 dxe4
16.Bxf6 exf3 17.Rxf3 gxf6 18.d5 Rae8 19.Ng3 Re5 20.d6 Nb8 21.Rd1 Nd7 22.Nf5 Kh8
23.Ne7 Re6 24.Rg3 a6 25.Rg4 Rd8 26.Nf5 Re5 27.Nh6 Rf8 28.Rf1 Re6 29.Nf5 Ne5
30.Rg3 Rd8 31.Rd1 Nd7 32.Nh6 Rf8 33.Rdd3 Re5 34.Rde3 b5 35.Kf2 a5 36.Rg4 Rh5
37.Rh3 f5 38.Rxh5 fxg4 39.Rg5 f5 40.Kg3 b4 41.axb4 cxb4 42.cxb4 axb4 43.Nxf5 Nf6
44.Kh4 b3 45.Nh6 Nd7 46.Rb5 Rb8 47.Rg5 Rf8 48.Rb5 Rb8 49.Rg5  1/2-1/2

[Event "Open"]
[Site "Zadar CRO"]
[Date "2004.12.19"]
[Round "9"]
[White "Lalic,B"]
[Black "Jovanic,O"]
[Result "1/2-1/2"]
[WhiteElo "2515"]
[BlackElo "2475"]

1.d4 Nf6 2.c4 e6 3.Nc3 Bb4 4.f3 d5 5.a3 Bxc3+ 6.bxc3 c5 7.cxd5 Nxd5 8.Qd3 cxd4
9.cxd4 O-O 10.e4 Nb6 11.Nh3 Nc6 12.Be3 f5 13.Be2 fxe4 14.fxe4 e5 15.d5 Bxh3
16.gxh3 Qh4+ 17.Kd2 Nd4 18.Bxd4 exd4 19.Qxd4 Rae8 20.Rhg1 Qh6+ 21.Kc3 Rf7
22.Rg3 Nxd5+ 23.Qxd5 Qf6+ 24.Kc2 Rd8 25.Qa2 Qf2 26.Qc4 b5 27.Qxb5 Rc7+ 28.Kb3 a6
29.Bc4+ Kh8 30.Rd1 Rdc8 31.Qd5 Qb6+ 32.Ka2 Rxc4 33.Rb3 Qc7 34.Rd2 h6 35.e5 Rc5
36.Qd6 Rc2+ 37.Rxc2 Qxc2+ 38.Rb2 Qc4+ 39.Ka1 Qc1+ 40.Ka2 Qc4+ 41.Ka1 Qc1+
42.Ka2 Qc4+ 43.Ka1  1/2-1/2

[Event "1st GM"]
[Site "Mataro ESP"]
[Date "2004.12.28"]
[Round "3"]
[White "Moskalenko,V"]
[Black "Fluvia Poyatos,J"]
[Result "1/2-1/2"]
[WhiteElo "2551"]
[BlackElo "2467"]

1.d4 Nf6 2.c4 e6 3.Nc3 Bb4 4.f3 d5 5.a3 Be7 6.e4 dxe4 7.fxe4 e5 8.d5 Bc5
9.Nf3 Ng4 10.Na4 Nd7 11.Nxc5 Nxc5 12.Qc2 a5 13.h3 Nf6 14.Bd3 Qd6 15.Be3 O-O
16.O-O a4 17.Rf2 Nfd7 18.Raf1 Nxd3 19.Qxd3 Re8 20.Qc3 b6 21.Nh4 Qf8 22.Nf5 f6
23.Kh2 Nc5 24.Bxc5 bxc5 25.Ng3 Bd7 26.Ne2 Reb8 27.Nc1 Rb6 28.Qg3 Qe7 29.Nd3 Rb3
30.Rf3 h6 31.Qf2 Ra5 32.Qe1 Ra6 33.Qf2 Ra5 34.Nc1 Rb6 35.Rg3 Kh7 36.Nd3 Bc8
37.Qe2 Bd7 38.Qe1 Raa6 39.Qf2 Ra5 40.Rc1 g6 41.Rf1 h5 42.Rf3 Kg7 43.Qe1 Raa6
44.Qg3 Be8 45.Qf2 Ra5 46.Qe1 Raa6 47.Kh1 Ra8 48.Qf2 Ra5 49.Qg3 Ra8 50.Kg1 Ra5
51.Qf2 Bd7 52.Qe1 Raa6 53.Qc3 Be8 54.Qd2 Bd7 55.Kh1 Ra8 56.Qf2 Ra5 57.Qh4 Be8
58.Qg3 Ra8 59.Qf2 Ra5 60.Rc1 Bd7 61.Kg1 Rb8 62.Qd2  1/2-1/2

[Event "1st GM"]
[Site "Mataro ESP"]
[Date "2004.12.30"]
[Round "5"]
[White "Moskalenko,V"]
[Black "Gonzalez Garcia,J"]
[Result "1/2-1/2"]
[WhiteElo "2551"]
[BlackElo "2447"]

1.d4 Nf6 2.c4 e6 3.Nc3 Bb4 4.f3 O-O 5.e4 d5 6.e5 Nfd7 7.cxd5 exd5 8.a3 Bxc3+
9.bxc3 f6 10.exf6 Qxf6 11.Bd3 Nb6 12.Ne2 Bf5 13.Bf4 Bxd3 14.Qxd3 Qe7 15.O-O Nc4
16.Rfe1 Nc6 17.Ng3 Qf7 18.Be5 N6xe5 19.dxe5 Rae8 20.f4 Qxf4 21.Qxd5+ Kh8
22.Qxb7 Rxe5 23.Qxa7 Ra5 24.Qd4 Qxd4+ 25.cxd4 Rxa3 26.Rac1 Ne3 27.Nf1 Nxf1
28.Rxf1 Rxf1+ 29.Kxf1 Ra7 30.Ke2 Kg8  1/2-1/2

[Event "47th It"]
[Site "Reggio Emilia ITA"]
[Date "2005.01.01"]
[Round "4"]
[White "Cebalo,M"]
[Black "Tirabassi,M"]
[Result "1-0"]
[WhiteElo "2520"]
[BlackElo "2330"]

1.d4 Nf6 2.c4 e6 3.Nc3 Bb4 4.f3 c5 5.d5 d6 6.e4 O-O 7.Bd3 b5 8.Ne2 exd5 9.cxd5 a6
10.O-O Nbd7 11.Ng3 Re8 12.Kh1 Ne5 13.Bc2 Ba5 14.h3 Bb6 15.b3 Ra7 16.Be3 c4
17.Bxb6 Qxb6 18.f4 cxb3 19.Bxb3 Ng6 20.Qd3 Nd7 21.Rae1 Nc5 22.Qd4 b4 23.Nb1 a5
24.Nd2 a4 25.Bc4 f6 26.Kh2 Qa5 27.Rb1 Rb7 28.Be2 b3 29.a3 Rbe7 30.Bh5 Ba6
31.Rf3 Rc8 32.Nf5 Rd7 33.Bg4 Re8 34.Rc3 Nxf4 35.Nxd6 Rxd6 36.Rxc5 Qb6 37.Qxa4 Rdd8
38.Qa5 Qd6 39.g3 Bd3 40.Rxb3 Bxe4  1-0

[Event "34th Rilton Cup"]
[Site "Stockholm SWE"]
[Date "2005.01.02"]
[Round "6"]
[White "Duenas,A"]
[Black "Styf,J"]
[Result "0-1"]
[WhiteElo "1987"]
[BlackElo "2087"]

1.d4 Nf6 2.c4 e6 3.Nc3 Bb4 4.f3 c5 5.d5 d6 6.e4 O-O 7.Bd3 Bxc3+ 8.bxc3 e5
9.Ne2 Nbd7 10.Bg5 h6 11.Bh4 Re8 12.g4 Nf8 13.O-O Ng6 14.Bg3 h5 15.g5 Nh7
16.h4 f6 17.f4 exf4 18.Nxf4 Bg4 19.Be2 Bxe2 20.Qxe2 Nxf4 21.Bxf4 fxg5 22.hxg5 Nxg5
23.Qxh5 Nxe4 24.Rf3 Qd7 25.Qg6 Re7 26.Kh1 Rf8 27.Raf1 Rf6 28.Qg2 Ref7 29.Bh2 Rxf3
30.Rxf3 Rxf3 31.Qxf3 Qe7 32.Qf4 Nxc3 33.Qxd6 Qxd6 34.Bxd6 Ne4 35.Bb8 a6 36.a4 Nd2
37.Ba7 Nxc4 38.Bxc5 Kf7 39.Bd4 g6 40.Kg2 Ke7 41.Bc5+ Kd7 42.Kg3 b6 43.Bf8 a5
44.Kf4 Nb2 45.Kg5 Nxa4 46.Kxg6 Nc3 47.Kf5 Nxd5 48.Ke4 Kc6 49.Kd3 Kb5 50.Kc2 Kc4
51.Bg7 b5  0-1

[Event "34th Rilton Cup"]
[Site "Stockholm SWE"]
[Date "2005.01.02"]
[Round "6"]
[White "Landgren,A"]
[Black "Carlsson,P"]
[Result "0-1"]
[WhiteElo "2198"]
[BlackElo "2360"]

1.d4 Nf6 2.c4 e6 3.Nc3 Bb4 4.f3 d5 5.a3 Bxc3+ 6.bxc3 c5 7.cxd5 Nxd5 8.dxc5 Qa5
9.e4 Nc7 10.Qd4 f6 11.Qb4 Nc6 12.Qxa5 Nxa5 13.Be3 e5 14.Ne2 Be6 15.Nc1 O-O-O
16.Be2 Rd7 17.Nd3 Na6 18.Kf2 Rc7 19.c6 Nxc6 20.Nb4 Nab8 21.Nd5 Rd7 22.Rhd1 f5
23.g3 Rf8 24.Kg2 b6 25.c4 Rfd8 26.Rd2 Kb7 27.Rb1 Bxd5 28.cxd5 Na5 29.Rc2 Rc7
30.Rbc1 Rxc2 31.Rxc2 fxe4 32.fxe4 Nd7 33.Bc1 Nc5 34.Kf3 Nab3 35.Bb2 Nd4+
36.Bxd4 exd4 37.Rd2 Rf8+ 38.Kg4 Nxe4 39.Rxd4 Nd6 40.Rf4 Re8 41.Bd3 g6 42.Rf6 Kc7
43.Re6 Kd7 44.Rxe8 Kxe8 45.h4 Ke7 46.Kf4 Nf7 47.h5 Kf6 48.hxg6 hxg6 49.Ke4 Nd6+
50.Kd4 g5 51.g4 Nf7 52.Bf5 Nd6 53.Bd3 Nf7 54.a4 Ke7 55.Bg6 Nh6 56.Kc4 Nxg4
57.Kb5 Kd6 58.Ka6 Nf6 59.Kxa7 g4 60.Bd3 g3 61.Bf1 Nxd5 62.Bg2 Kc5 63.Ka6 Ne3
64.Be4 g2 65.Bxg2 Nxg2 66.a5 b5 67.Kb7 Ne3 68.a6 Nc4 69.a7 Nb6  0-1

[Event "Intl"]
[Site "Hastings ENG"]
[Date "2005.01.07"]
[Round "4"]
[White "Bluvshtein,M"]
[Black "Kotronias,V"]
[Result "1/2-1/2"]
[WhiteElo "2502"]
[BlackElo "2599"]

1.d4 Nf6 2.c4 e6 3.Nc3 Bb4 4.f3 d5 5.a3 Bxc3+ 6.bxc3 c5 7.cxd5 Nxd5 8.dxc5 Qa5
9.e4 Nc7 10.Qd4 f6 11.f4 Nc6 12.Qc4 e5 13.f5 g6 14.Bd3 Bd7 15.Ne2 Ne7 16.fxg6 hxg6
17.Rb1 O-O-O 18.Qb4 Qxb4 19.cxb4 Bh3 20.gxh3 Rxd3 21.O-O Rdxh3 22.Rxf6 Rxh2
23.Ng3 Rc2 24.Be3 Rc3 25.Bf2 Nb5 26.Re6 Nc6 27.Rxg6 Rxa3 28.Nf5 Rah3 29.Kg2 Rh2+
30.Kf3 Ncd4+ 31.Bxd4 Nxd4+ 32.Nxd4 exd4 33.Rd1 Rd8 34.Rd6 Rf8+ 35.Kg3 Rh7
36.Rg6 Rd7  1/2-1/2

[Event "6th Wellington College Int."]
[Site "Crowthorne ENG"]
[Date "2005.01.29"]
[Round "3"]
[White "Cox,JJ"]
[Black "Greet,A"]
[Result "0-1"]
[WhiteElo "2311"]
[BlackElo "2389"]

1.d4 Nf6 2.c4 e6 3.Nc3 Bb4 4.f3 d5 5.a3 Bxc3+ 6.bxc3 c5 7.cxd5 Nxd5 8.dxc5 Qa5
9.e4 Ne7 10.Be3 O-O 11.Qb3 Qc7 12.Nh3 e5 13.Nf2 Nec6 14.Nd3 Na5 15.Qc2 Be6
16.c4 Nxc4 17.Bf2 Qa5+ 18.Ke2 Nc6 19.g3 Rfd8 20.Bh3 Rxd3 21.Qxd3 Rd8 22.Bxe6 Rxd3
23.Kxd3 Qd2+ 24.Kxc4 Qc2+  0-1

[Event "10th HIT Open A"]
[Site "Nova Gorica SLO"]
[Date "2005.01.30"]
[Round "5"]
[White "De Val,D"]
[Black "Spelec,D"]
[Result "1-0"]
[WhiteElo "2144"]
[BlackElo "2078"]

1.d4 Nf6 2.c4 e6 3.Nc3 Bb4 4.f3 Bxc3+ 5.bxc3 d6 6.e4 Nbd7 7.Bd3 O-O 8.Ne2 Re8
9.O-O e5 10.Ng3 Nf8 11.f4 Ng4 12.h3 Qh4 13.Qf3 Nf6 14.f5 h6 15.c5 N8h7 16.cxd6 cxd6
17.Ba3 Ng5 18.Qf2 Rd8 19.Rad1 Ne8 20.dxe5 dxe5 21.Bb5 Rxd1 22.Rxd1 Nf6 23.Rd8+ Kh7
24.Be7 a6 25.Bd3 b5 26.Bxf6 gxf6 27.Nh1 Qxf2+ 28.Nxf2 Bb7 29.Rxa8 Bxa8 30.h4  1-0

[Event "Oceania zt"]
[Site "Auckland NZL"]
[Date "2005.02.01"]
[Round "4"]
[White "Bjelobrk,I"]
[Black "Wohl,A"]
[Result "1-0"]
[WhiteElo "2377"]
[BlackElo "2378"]

1.d4 Nf6 2.c4 e6 3.Nc3 Bb4 4.f3 Nc6 5.e4 e5 6.d5 Ne7 7.Be3 b6 8.Qd2 O-O 9.Bd3 d6
10.Nge2 Nd7 11.a3 Bc5 12.b4 Bxe3 13.Qxe3 f5 14.exf5 Nxf5 15.Bxf5 Rxf5 16.O-O Ba6
17.Qd3 Rh5 18.Ng3 Rh6 19.Nf5 Rf6 20.Ne3 Rh6 21.a4 Rh4 22.Ne4 Rb8 23.a5 b5
24.c5 dxc5 25.bxc5 Rf4 26.d6 c6 27.Nc2 h6 28.Nb4 Bb7 29.a6 Ba8 30.Qc3 Qe8
31.Rfe1 Qg6 32.Ra2 Re8 33.Rf2 Re6 34.Nd3 Rf8 35.Kh1 Rfe8 36.Rfe2 Nf6 37.Nxf6+ gxf6
38.Nf4  1-0

[Event "10th HIT Open A"]
[Site "Nova Gorica SLO"]
[Date "2005.02.02"]
[Round "8"]
[White "Cebalo,M"]
[Black "Paschall,W"]
[Result "1/2-1/2"]
[WhiteElo "2519"]
[BlackElo "2403"]

1.d4 Nf6 2.c4 e6 3.Nc3 Bb4 4.f3 d5 5.a3 Bxc3+ 6.bxc3 c5 7.cxd5 Nxd5 8.dxc5 Qa5
9.e4 Ne7 10.Be3 Nd7 11.Qb3 O-O 12.Bb5 Qc7 13.Bxd7 Bxd7 14.Ne2 e5 15.c4 Nc6
16.Nc3 Nd4 17.Bxd4 exd4 18.Nd5 Qxc5 19.Qxb7 d3 20.Qxd7 Rad8 21.Qc7 Rxd5 22.Qxc5 Rxc5
23.Kd2 Rxc4 24.Rhc1 Ra4 25.Rc3 g6 26.Rb1 Rd8 27.Rbb3 Kf8 28.Rc7 Kg8 29.h4 h5
30.g3 Ra5 31.f4 Ra4 32.e5 Ra6 33.Rc4 Kf8 34.a4 Rd7 35.Rxd3 Ke7 36.Rxd7+ Kxd7
37.Kc3 f6 38.exf6 Rxf6 39.Rc5 Rd6 40.Kc4 Ke6 41.Kb5 Rb6+ 42.Ka5 Kf6 43.Rg5 Re6
44.f5 gxf5 45.Rxh5 Re4 46.Rg5 Re6 47.g4 Re5+ 48.Ka6 f4 49.Rg8 Re4 50.a5 Kf7
51.Rc8 f3 52.Rc2 Rxg4 53.Rf2 Rxh4 54.Rxf3+ Ke7 55.Kxa7 Kd7 56.Rb3 Kc7 57.Rc3+ Kd7  1/2-1/2

[Event "10th HIT Open A"]
[Site "Nova Gorica SLO"]
[Date "2005.02.03"]
[Round "9"]
[White "Cebalo,M"]
[Black "Saric,A"]
[Result "1-0"]
[WhiteElo "2519"]
[BlackElo "2447"]

1.d4 Nf6 2.c4 e6 3.Nc3 Bb4 4.f3 d5 5.a3 Bxc3+ 6.bxc3 c5 7.cxd5 Nxd5 8.dxc5 Qa5
9.e4 Ne7 10.Be3 Bd7 11.a4 O-O 12.Qb3 Bc6 13.Nh3 Nd7 14.Qb4 Qc7 15.Be2 f5
16.O-O fxe4 17.fxe4 Qe5 18.Nf2 Ng6 19.Qd4 Nf4 20.Bc4 Rac8 21.g3 Nh5 22.Bb5 Rf3
23.Qxe5 Nxe5 24.Bd4 Bxb5 25.axb5 Nc4 26.e5 Ne3 27.Bxe3 Rxe3 28.Rxa7 Rxe5
29.Rxb7 Rexc5 30.Ne4 Re5 31.Nd6 Ra8 32.b6 Nf6 33.Rc7 Nd5 34.Rc5  1-0

[Event "TCh-SWE Elitserien 2004-5"]
[Site "Sweden SWE"]
[Date "2005.02.05"]
[Round "7"]
[White "Penalver,O"]
[Black "Josefsson,K"]
[Result "1-0"]
[WhiteElo "2108"]
[BlackElo "2083"]

1.d4 e6 2.c4 Nf6 3.Nc3 Bb4 4.f3 d5 5.a3 Bxc3+ 6.bxc3 O-O 7.cxd5 exd5 8.e3 c5
9.Bd3 cxd4 10.cxd4 Nc6 11.Ne2 Ne7 12.Ng3 h5 13.O-O h4 14.Ne2 h3 15.g4 Nh7
16.Qe1 Ng6 17.Qg3 Qh4 18.Nf4 Qxg3+ 19.hxg3 Nxf4 20.gxf4 f5 21.gxf5 Bxf5 22.e4 Bd7
23.Rb1 b6 24.Bb5 Bxb5 25.Rxb5 dxe4 26.fxe4 Rad8 27.Bb2 Nf6 28.Re5 Rfe8 29.Rxe8+ Rxe8
30.e5 Nd5 31.Kh2 Rc8 32.Rf2 g6 33.Kxh3 Kf7 34.Kg4 Ke6 35.Kg5 Ne7 36.Rd2 Rf8
37.Rc2 Rf5+ 38.Kg4 Rf7 39.Bc1 Rf8 40.Rc7 Ra8 41.Kg5 Rh8 42.Rxe7+ Kxe7 43.Kxg6 Rh1
44.Bd2 a5 45.f5 Rg1+ 46.Bg5+ Kf8 47.f6 b5 48.e6 Rxg5+ 49.Kxg5 b4 50.axb4 axb4
51.d5 b3 52.d6  1-0

[Event "Extraliga CZE 2004-5"]
[Site "Czech Rep CZE"]
[Date "2005.02.19"]
[Round "6"]
[White "Kantorik,M"]
[Black "Bindrich,F"]
[Result "0-1"]
[WhiteElo "2315"]
[BlackElo "2326"]

1.d4 Nf6 2.c4 e6 3.Nc3 Bb4 4.f3 d5 5.a3 Bxc3+ 6.bxc3 c5 7.e3 O-O 8.cxd5 Nxd5
9.Bd2 Nc6 10.Bd3 cxd4 11.cxd4 e5 12.e4 Nf4 13.Bxf4 exf4 14.d5 Ne5 15.Ne2 Qh4+
16.Kf1 Nxf3 17.Nxf4 Nxh2+ 18.Kg1 Qxf4 19.Rxh2 g6 20.Qf3 Qe5 21.Rf1 Qd4+ 22.Kh1 Bd7
23.Rh4 Rac8 24.Rf4 Be8 25.Qe2 Rc3 26.Bb5 Re3 27.Qf2 Bxb5 28.Rxf7 Rh3+ 29.gxh3 Qxf2
30.R1xf2 Rxf7 31.Rb2 a6 32.e5 Rf5  0-1

[Event "Aeroflot Open"]
[Site "Moscow RUS"]
[Date "2005.02.23"]
[Round "9"]
[White "Berkes,F"]
[Black "David,Alb"]
[Result "1-0"]
[WhiteElo "2610"]
[BlackElo "2573"]

1.d4 Nf6 2.c4 e6 3.Nc3 Bb4 4.f3 d5 5.a3 Bxc3+ 6.bxc3 c5 7.cxd5 Nxd5 8.dxc5 Qa5
9.e4 Ne7 10.Be3 O-O 11.Qb3 Nd7 12.Bb5 Qc7 13.Bxd7 Bxd7 14.Ne2 Nc6 15.c4 Na5
16.Qb4 Nc6 17.Qc3 Qa5 18.Rb1 Qxc3+ 19.Nxc3 Na5 20.Ke2 Rfc8 21.Rb4 Be8 22.Rc1 b6
23.Na4 Nb7 24.Rcb1 Kf8 25.cxb6 a5 26.Rb5 Rxc4 27.Nc5 Bxb5 28.Rxb5 Rc2+ 29.Kd3 Rxc5
30.Bxc5+ Ke8 31.Bd4 f6 32.g4 Rd8 33.e5 Kf7 34.exf6 gxf6 35.Ke3 Rc8 36.f4 Rc4
37.Rh5 Kg6 38.f5+ exf5 39.Rxf5 Rc6 40.Rd5 Nd6 41.Rxd6  1-0

[Event "IBAR Inv"]
[Site "Santa Monica USA"]
[Date "2005.02.25"]
[Round "5"]
[White "Kretchetov,A"]
[Black "Stein,Alex"]
[Result "1/2-1/2"]
[WhiteElo "2326"]
[BlackElo "2362"]

1.d4 Nf6 2.c4 e6 3.Nc3 Bb4 4.f3 c5 5.d5 Bxc3+ 6.bxc3 d6 7.e4 O-O 8.Bd3 Nbd7
9.Ne2 Ne5 10.O-O Re8 11.Ng3 a6 12.Be2 exd5 13.cxd5 b5 14.Qc2 Rb8 15.Bd2 Bd7
16.Kh1 a5 17.Rfe1 a4 18.Rab1 h6 19.Nf1 Kh8 20.a3 Ng8 21.c4 bxc4 22.Rxb8 Qxb8
23.Rb1 Qd8 24.Ne3 Qh4 25.Be1 Qg5 26.Nxc4 Nxc4 27.Bxc4 f5 28.Bg3 fxe4 29.fxe4 Nf6
30.Bd3 Ng4 31.Bxd6 c4 32.Bf1 Qe3 33.Bg3 Rxe4 34.Bxc4 Bf5 35.Bd3 Qd4 36.Bxe4 Bxe4
37.Qc8+ Kh7 38.Rg1 Ne3 39.Qc1 Nxg2 40.Rxg2 Qxd5 41.Qf1  1/2-1/2

[Event "TCh-ISL 2004-5"]
[Site "Reykjavik ISL"]
[Date "2005.03.04"]
[Round "5"]
[White "Ragnarsson,J"]
[Black "Edvardsson,K"]
[Result "1/2-1/2"]
[WhiteElo "2140"]
[BlackElo "2248"]

1.d4 Nf6 2.c4 e6 3.Nc3 Bb4 4.f3 c5 5.d5 b5 6.e4 bxc4 7.Bxc4 exd5 8.Bxd5 Nxd5
9.Qxd5 Nc6 10.Bg5 Qa5 11.Ne2 Ba6 12.Rd1 O-O 13.a3 Bxc3+ 14.Nxc3 Rab8 15.Bc1 Rfe8
16.Kf2 Ne5 17.b4 Qd8 18.Bf4 Bc4 19.Qxc5 Rc8 20.Qd4 Ng6 21.Bg3 Bb3 22.Rb1 Be6
23.Rhc1 f5 24.Nd5 Rxc1 25.Rxc1 Qg5 26.f4 Qd8 27.Nc7 Rf8 28.Nxe6 dxe6 29.Qxd8 Rxd8
30.exf5 exf5 31.Rc7 h5 32.Ke3 h4 33.Bf2 Re8+ 34.Kf3 Re4 35.Be3 a6 36.Rc6 Ne7
37.Rxa6 Nd5 38.Bc1 Rc4 39.Bb2 Rxf4+ 40.Ke2 Rg4 41.Kf3 Rf4+ 42.Ke2 Rg4 43.Kf3  1/2-1/2

[Event "TCh-ISL 2004-5"]
[Site "Reykjavik ISL"]
[Date "2005.03.05"]
[Round "6"]
[White "Ragnarsson,J"]
[Black "Johannessen,LE"]
[Result "0-1"]
[WhiteElo "2140"]
[BlackElo "2516"]

1.d4 Nf6 2.c4 e6 3.Nc3 Bb4 4.f3 d5 5.a3 Bxc3+ 6.bxc3 c5 7.cxd5 Nxd5 8.dxc5 Qa5
9.e4 Ne7 10.Qd4 O-O 11.Qb4 Qc7 12.Be3 e5 13.Bc4 Nec6 14.Qb2 Na5 15.Bd5 Na6
16.Ne2 Bd7 17.O-O Nxc5 18.c4 Rac8 19.Ng3 Be6 20.Qc3 Rfe8 21.Rab1 b6 22.Rfd1 Nd7
23.Bxe6 Rxe6 24.c5 g6 25.Rd5 Nxc5 26.Bxc5 Nb7 27.Bb4 Qxc3 28.Bxc3 Rxc3 29.Rd7 Na5
30.Rxa7 Rd6 31.Rb2 Nc4 32.Ra2 b5 33.h4 h5 34.Kf2 Rdd3 35.Ne2 Rxa3 36.R2xa3 Nxa3
37.Rb7 Rb3 38.Nc1 Rc3 39.Ne2 Rc2 40.Kf1 Kg7 41.Rb6 Rb2 42.Nc3 Nc4 43.Rxb5 Ne3+
44.Kg1 Rxg2+ 45.Kh1 Rg3 46.Rxe5 Rxf3 47.Nb5 Rf1+ 48.Kh2 Ng4+ 49.Kg2 Nxe5
50.Kxf1 Nf3  0-1

[Event "3rd It"]
[Site "Badalona ESP"]
[Date "2005.03.11"]
[Round "9"]
[White "Moskalenko,V"]
[Black "Lopez Martinez,J"]
[Result "1/2-1/2"]
[WhiteElo "2530"]
[BlackElo "2468"]

1.d4 Nf6 2.c4 e6 3.Nc3 Bb4 4.f3 d5 5.a3 Bxc3+ 6.bxc3 c5 7.cxd5 Nxd5 8.dxc5 Qa5
9.e4 Nf6 10.Be3 O-O 11.Qb3 Nfd7 12.a4 Qc7 13.Qa3 b6 14.Ne2 Nxc5 15.Nd4  1/2-1/2

[Event "ch-BLR"]
[Site "Minsk BLR"]
[Date "2005.03.14"]
[Round "11"]
[White "Gorovets,A"]
[Black "Zhigalko,S"]
[Result "0-1"]
[WhiteElo "2345"]
[BlackElo "2474"]

1.d4 Nf6 2.c4 e6 3.Nc3 Bb4 4.f3 d5 5.a3 Bxc3+ 6.bxc3 O-O 7.cxd5 exd5 8.e3 Bf5
9.Bd3 Bg6 10.Ne2 Re8 11.O-O c5 12.Rb1 Qc7 13.Ng3 Nc6 14.Re1 Rad8 15.Bb2 Na5
16.e4 dxe4 17.fxe4 Nc6 18.Qc2 cxd4 19.cxd4 Qb6 20.Nf5 Bxf5 21.exf5 Rxe1+
22.Rxe1 h5 23.h3 Nxd4 24.Qf2 h4 25.Bc4 Nxf5 26.Qxb6 axb6 27.Bxf6 gxf6 28.Rb1 Rd6
29.Be2 Nd4 30.Kf2 Nc2 31.a4 Rd2 32.Rd1 Rxd1 33.Bxd1 Nd4 34.Bf3 f5 35.g3 hxg3+
36.Kxg3 Nxf3 37.Kxf3 Kg7 38.Kg3 Kf6 39.Kf4 Kg6 40.h4 Kf6 41.Kg3 Ke5 42.h5 Kf6
43.Kf4 b5 44.axb5 b6 45.h6 Kg6 46.h7 Kxh7 47.Kxf5 Kg7 48.Ke5 Kg6 49.Kd6 f5
50.Kc6 f4 51.Kxb6 f3  0-1

[Event "ch-EU"]
[Site "Cork IRL"]
[Date "2005.03.22"]
[Round "1"]
[White "Cafolla,P"]
[Black "Socko,B"]
[Result "0-1"]
[WhiteElo "2116"]
[BlackElo "2591"]

1.d4 Nf6 2.c4 e6 3.Nc3 Bb4 4.f3 O-O 5.a3 Bxc3+ 6.bxc3 Ne8 7.Nh3 b6 8.e4 Ba6
9.Bd3 Nc6 10.O-O Na5 11.Qe2 c5 12.Be3 Rc8 13.d5 f6 14.dxe6 dxe6 15.e5 f5
16.Bg5 Qd7 17.a4 h6 18.Be3 g5 19.f4 g4 20.Nf2 h5 21.Nd1 Bb7 22.Nb2 Qc6 23.Rfe1 h4
24.Qf2 Rc7 25.Bf1 Rh7 26.Rad1 Kh8 27.Rd8 Rg8 28.Red1 g3 29.hxg3 hxg3 30.Qe1 Qc7
31.Be2 Rh1+ 32.Kxh1 Qh7+ 33.Bh5 Qxh5+ 34.Kg1 Qh2+ 35.Kf1 Qxg2+  0-1

[Event "Norwegian Open"]
[Site "Oslo NOR"]
[Date "2005.03.22"]
[Round "4"]
[White "Nedberg,B"]
[Black "Becker,Mart"]
[Result "1-0"]
[WhiteElo "2113"]
[BlackElo "2251"]

1.d4 Nf6 2.c4 e6 3.Nc3 Bb4 4.f3 Nc6 5.e3 O-O 6.Bd3 d5 7.a3 Ba5 8.Ne2 e5 9.cxd5 Nxd5
10.O-O exd4 11.Nxd5 Qxd5 12.Be4 Qd6 13.Bxc6 Qxc6 14.Nxd4 Qe8 15.b4 Bb6 16.Re1 Bd7
17.Bb2 Ba4 18.Qd3 c6 19.Qf5 Rd8 20.Qg4 Qd7 21.Qg5 f6 22.Qh5 Rfe8 23.Kh1 Re5
24.Qh4 Qe7 25.Qg4 Qd7 26.Qxd7 Rxd7 27.Rac1 Kf7 28.g4 g6 29.Kg2 Re8 30.h3 Rh8
31.Rh1 Re7 32.Rce1 h5 33.Kf2 Rd7 34.Rc1 Rd5 35.Rce1 Bc7 36.Rc1 Re8 37.Rhe1 h4
38.Re2 Bg3+ 39.Kg2 Rde5 40.Rc3 Rd5 41.Rc1 Rc8 42.f4 b6 43.e4 Rdd8 44.f5 gxf5
45.exf5 c5 46.Ne6 Rd5 47.bxc5 bxc5 48.g5 Rxf5 49.Bxf6 Bb5 50.Nd4 Rxf6 51.Nxb5 Rb6
52.Nc3 Rb7 53.Ne4 c4 54.Nxg3 hxg3 55.Rc3 Rb3 56.Ree3 Rxc3 57.Rxc3 Ke6 58.Kxg3 Kf5
59.h4 a5 60.a4 Ke4 61.Kg4 Kd4 62.Rc1 Kd3 63.g6 Kd2 64.Rg1 c3 65.h5 c2 66.h6 Re8
67.Rg2+ Re2 68.Rg1 Re1 69.Rg2+ Re2 70.Rxe2+ Kxe2 71.h7 c1=Q 72.h8=Q Qc4+
73.Kg5 Qd5+ 74.Kh6  1-0

[Event "Open"]
[Site "Coventry ENG"]
[Date "2005.03.24"]
[Round "1"]
[White "Berry,N"]
[Black "De Coverly,R"]
[Result "1-0"]
[WhiteElo "2260"]
[BlackElo "2093"]

1.d4 Nf6 2.c4 e6 3.Nc3 Bb4 4.f3 d5 5.a3 Bxc3+ 6.bxc3 c5 7.cxd5 exd5 8.e3 O-O
9.Bd3 Re8 10.Ne2 Nc6 11.O-O c4 12.Bc2 Bd7 13.Ng3 Qa5 14.Bd2 b5 15.e4 dxe4
16.fxe4 Bg4 17.Qe1 Qb6 18.Qf2 Nd8 19.Bg5 Rf8 20.h3 Bc8 21.Bxf6 Qxf6 22.Qxf6 gxf6
23.Rxf6 Ne6 24.Nf5 Nc7 25.Rf1 Bxf5 26.R1xf5 Ne8 27.Rg5+ Kh8 28.Rh6 Rg8 29.Rgh5 Kg7
30.Rxh7+ Kf8 31.Rxb5 Rg3 32.Rf5 Ng7 33.Rh8+ Ke7 34.Re5+  1-0

[Event "Open"]
[Site "Coventry ENG"]
[Date "2005.03.26"]
[Round "4"]
[White "Guthrie,D"]
[Black "Hinks Edwards,T"]
[Result "0-1"]
[WhiteElo "2170"]
[BlackElo "2383"]

1.d4 Nf6 2.c4 e6 3.Nc3 Bb4 4.f3 d5 5.a3 Bxc3+ 6.bxc3 c5 7.cxd5 Nxd5 8.dxc5 Qa5
9.e4 Ne7 10.Be3 O-O 11.Qb3 Qc7 12.a4 Nd7 13.Qa3 f5 14.Nh3 fxe4 15.fxe4 Ng6
16.g3 Nde5 17.O-O-O Rxf1 18.Rdxf1 Nc4 19.Bf4 Nxf4 20.Qa2 Nd3+ 21.Kc2 Nde5  0-1

[Event "Open"]
[Site "Coventry ENG"]
[Date "2005.03.27"]
[Round "7"]
[White "Cox,JJ"]
[Black "Wells,P"]
[Result "1/2-1/2"]
[WhiteElo "2311"]
[BlackElo "2519"]

1.d4 Nf6 2.c4 e6 3.Nc3 Bb4 4.f3 d5 5.a3 Bxc3+ 6.bxc3 c6 7.Qc2 O-O 8.e4 dxe4
9.fxe4 e5 10.Nf3 Re8 11.Bd3 c5 12.Bg5 cxd4 13.cxd4 exd4 14.O-O h6 15.Bh4 Nbd7  1/2-1/2

[Event "Weekender"]
[Site "Cork IRL"]
[Date "2005.04.02"]
[Round "4"]
[White "Cafolla,P"]
[Black "Ryan,Jo"]
[Result "0-1"]
[WhiteElo "2116"]
[BlackElo "2328"]

1.d4 e6 2.c4 Nf6 3.Nc3 Bb4 4.f3 c5 5.d5 Bxc3+ 6.bxc3 d6 7.e4 e5 8.a4 a5 9.g3 Qe7
10.Bh3 Nbd7 11.Ne2 h6 12.O-O Kd8 13.Be3 Kc7 14.Rf2 g5 15.Bf5 Nb6 16.Qb3 Bxf5
17.exf5 Ra6 18.h3 Rg8 19.g4 h5 20.Ng3 e4 21.Rd2 Qe5 22.Kf2 exf3 23.gxh5 Ne4+
24.Kxf3 Qxg3+ 25.Kxe4 Re8+ 26.Kd3 Qxe3+ 27.Kc2 Qe4+ 28.Kc1 Nxc4 29.Qc2 Qf4
30.Qd1 Nxd2 31.Qxd2 Re1+  0-1

[Event "3rd ch-GER Internet Blitz Candidates"]
[Site "playchess INT"]
[Date "2005.04.02"]
[Round "7"]
[White "Rodewis,T"]
[Black "Womacka,M"]
[Result "0-1"]
[WhiteElo "2364"]
[BlackElo "2436"]

1.d4 Nf6 2.c4 e6 3.Nc3 Bb4 4.f3 d5 5.a3 Bxc3+ 6.bxc3 c6 7.e3 b6 8.cxd5 cxd5
9.Bd3 O-O 10.Ne2 Ba6 11.Bb1 Nc6 12.O-O Na5 13.Re1 Rc8 14.e4 Bxe2 15.Rxe2 Rxc3
16.Bg5 dxe4 17.fxe4 Nb3 18.e5 h6 19.Bc2 Nxa1 20.Bxf6 gxf6 21.Qxa1 Qxd4+ 22.Kh1 fxe5
23.Qe1 Rfc8 24.Bd1 Rc1 25.Rd2 Qf4 26.h3 e4 27.Rd4 R1c4 28.Rd7 e3 29.Rd3 Qf2
30.Rxe3 Qxe1+ 31.Rxe1 Rc1 32.Kh2 Rd8 33.Re4 Rdxd1 34.Ra4 Rd2 35.Rxa7 Rcc2
36.Kg3 Rxg2+ 37.Kh4 Kg7 38.Ra4 Kg6 39.Rb4 b5 40.a4 Rc4+ 41.Rxc4 bxc4 42.a5 c3
43.a6 c2 44.a7 c1=Q 45.a8=Q Qg5+  0-1

[Event "7th Rector Cup w"]
[Site "Kharkiv UKR"]
[Date "2005.04.22"]
[Round "3"]
[White "Dvoretska,O"]
[Black "Romanova,I"]
[Result "0-1"]
[WhiteElo "2166"]
[BlackElo "2242"]

1.d4 e6 2.c4 Nf6 3.Nc3 Bb4 4.f3 d5 5.a3 Bxc3+ 6.bxc3 O-O 7.e3 c5 8.Bd3 dxc4
9.Bxc4 Qc7 10.Bb3 e5 11.Ne2 Nc6 12.d5 Na5 13.e4 Ne8 14.g4 Nd6 15.Ng3 b5 16.Bd2 Bd7
17.Nf5 Bxf5 18.gxf5 Nxb3 19.Qxb3 f6 20.Rg1 Kf7 21.Ra2 Rg8 22.Qb1 a6 23.h4 g6
24.Bh6 gxf5 25.Rag2 Rxg2 26.Rxg2 Rg8 27.Qc2 Qc8 28.Qf2 Rg6 29.Be3 f4 30.Bc1 Rxg2
31.Qxg2 Nc4 32.Kd1 Qg8 33.Qf2 Qg3 34.Qxg3 fxg3 35.Ke2 f5 36.exf5 Nd6 37.Be3 c4
38.Bg5 Nxf5 39.f4 e4 40.h5 Ke8 41.Bf6 Kd7 42.Be5 Nh4 43.Bf6 Nf5 44.Be5 Ke7
45.Bb8 Nh4 46.f5 Nxf5 47.Bf4 Kf6 48.Kf1 e3 49.Bb8 Ne7 50.Bxg3 Nxd5 51.Be1 Kf5
52.Ke2 Ke4 53.h6 Nf4+ 54.Kd1 Kd3 55.Bg3 Ng2 56.Kc1 e2  0-1

[Event "ch-UKR u20"]
[Site "Lviv UKR"]
[Date "2005.04.25"]
[Round "7"]
[White "Derjabin,I"]
[Black "Yaremko,N"]
[Result "1-0"]
[WhiteElo "2391"]
[BlackElo "2234"]

1.d4 Nf6 2.c4 e6 3.Nc3 Bb4 4.f3 d5 5.a3 Be7 6.e4 dxe4 7.fxe4 e5 8.d5 O-O
9.Nf3 Bg4 10.Bd3 c6 11.h3 Bxf3 12.Qxf3 Qb6 13.b4 cxd5 14.c5 Bxc5 15.bxc5 Qxc5
16.Bd2 Nc6 17.Qf2 d4 18.Ne2 Nd7 19.O-O Qd6 20.Ng3 Nc5 21.Bc4 Qg6 22.Rae1 Rac8
23.Nf5 Rc7 24.Qh4 Kh8 25.Rf3 f6 26.Rg3 Qe8 27.Rf1 g5 28.Qg4 h5 29.Qe2 Ne7
30.Nxe7 Rxe7 31.Bb4 b6 32.Bxc5 bxc5 33.Rb3 Kg7 34.Bd5 Qg6 35.Qc4 f5 36.Qxc5 Rd7
37.Rb7 Rxb7 38.Bxb7 Qe6 39.Bd5 Qd7 40.exf5 Rxf5 41.Rb1  1-0

[Event "23rd Liechtenstein Open"]
[Site "Triesen LIE"]
[Date "2005.04.30"]
[Round "2"]
[White "Ballon,G"]
[Black "Solleveld,Maa"]
[Result "0-1"]
[WhiteElo "2179"]
[BlackElo "2466"]

1.d4 Nf6 2.c4 e6 3.Nc3 Bb4 4.f3 d5 5.a3 Bxc3+ 6.bxc3 c5 7.cxd5 Nxd5 8.dxc5 f5
9.c4 Qf6 10.Bd2 Nc3 11.Bxc3 Qxc3+ 12.Kf2 f4 13.g3 Qe3+ 14.Kg2 O-O 15.Qd3 Qxc5
16.e4 Nc6 17.Ne2 Rd8 18.Qc3 e5 19.Nc1 Be6 20.Nb3 Qe7 21.Be2 Rac8 22.Rhc1 Rc7
23.Qb2 Rcd7 24.Rc2 a5 25.a4 h5 26.Qc3 fxg3 27.hxg3 h4 28.Rh1 hxg3 29.Kxg3 Qg5+
30.Kf2 Nb4 31.Nc5 Rd6 32.Nxe6 Rxe6 33.Rb2 Rg6 34.Rbb1 Qg3+ 35.Ke3 Qf4+ 36.Kf2 Rd2
37.c5 Nd3+  0-1